| 000 | 00832pam a2200277 a 4500 | ||
|---|---|---|---|
| 999 |
_c48458 _d48458 |
||
| 001 | 2015766 | ||
| 005 | 20191018152428.0 | ||
| 008 | 910830r19921990ilu b 000 0 eng | ||
| 010 | _a 91034329 | ||
| 020 | _a0842350128 (pbk.) | ||
| 040 |
_aDLC _cDLC _dDLC |
||
| 100 | 1 | _aLewis, Vern C. | |
| 240 | 1 | 0 | _aCutting the cord |
| 245 | 1 | 0 |
_aParenting teens / _cBruce Narramore, Vern C. Lewis. |
| 260 |
_aWheaton, Ill. : _bTyndale House Publishers, _cc1992. |
||
| 300 |
_a349 p. ; _c23 cm. |
||
| 336 | _atext | ||
| 337 | _aunmediated | ||
| 338 | _avolume | ||
| 500 | _aPrevious published as: Cutting the cord / Vern C. Lewis and Bruce Narramore. | ||
| 504 | _aIncludes bibliographical references. | ||
| 650 | 0 | _aParent and teenager. | |
| 650 | 0 | _aAdolescent psychology. | |
| 700 | 1 | _aNarramore, Bruce. | |
| 942 |
_2lcc _cBK |
||